[Event "POL-chT U20"]
[Site "Kudowa Zdroj"]
[Date "2018.07.29"]
[Round "9.11"]
[White "Surpeta, Julia"]
[Black "Sowa, Wiktoria"]
[Result "0-1"]
[WhiteElo "1611"]
[BlackElo "1952"]
[PlyCount "64"]
[EventDate "2018.07.21"]
[EventType "team-tourn"]
[EventRounds "9"]
[EventCountry "POL"]
[SourceTitle "CBM 186 Extra"]
[Source "ChessBase"]
[SourceDate "2018.08.24"]
[SourceVersion "1"]
[SourceVersionDate "2018.08.24"]
[SourceQuality "1"]

1. d4 Nf6 2. Nc3 d5 3. Bf4 e6 4. Nb5 Bd6 5. Nxd6+ cxd6 6. e3 Nc6 7. Nf3 0-0 8. Be2 Re8 9. h3 e5 10. Bg5 Qa5+ 11. c3 Ne4 12. Bh4 Be6 13. 0-0 b5 14. a4 bxa4 15. Rxa4 Qb6 16. Ra6 Qb7 17. Nd2 Nxd2 18. Qxd2 Rab8 19. Rfa1 Rec8 20. b4 Ra8 21. b5 Nb8 22. Rxd6 Qc7 23. dxe5 Nd7 24. Bg3 Nc5 25. Qb2 Qb7 26. f3 a5 27. Rd1 Na4 28. Qd2 Nxc3 29. Ra1 a4 30. Kh2 a3 31. Ra6 Rxa6 32. bxa6 Qb2 0-1

[Event "POL-chT U20"]
[Site "Kudowa Zdroj"]
[Date "2018.07.27"]
[Round "7.17"]
[White "Surpeta, Julia"]
[Black "Koruch, Maria"]
[Result "1-0"]
[WhiteElo "1611"]
[BlackElo "1714"]
[PlyCount "51"]
[EventDate "2018.07.21"]
[EventType "team-tourn"]
[EventRounds "9"]
[EventCountry "POL"]
[SourceTitle "CBM 186 Extra"]
[Source "ChessBase"]
[SourceDate "2018.08.24"]
[SourceVersion "1"]
[SourceVersionDate "2018.08.24"]
[SourceQuality "1"]

1. e4 c5 2. Nf3 Nc6 3. Nc3 Nf6 4. Bb5 Qc7 5. 0-0 Nd4 6. Nxd4 cxd4 7. Nd5 Nxd5 8. exd5 Qc5 9. c4 a6 10. b4 Qxb4 11. Ba4 b5 12. Bc2 bxc4 13. Qf3 d6 14. Ba3 Qa5 15. Rfe1 Bg4 16. Qg3 Kd8 17. Bxd6 exd6 18. Qxg4 Kc7 19. Qxd4 Qc5 20. Qf4 f6 21. Ba4 Qxd5 22. Rac1 Qd3 23. Qxc4+ Qxc4 24. Rxc4+ Kb6 25. Rb1+ Ka5 26. Bc6 1-0

[Event "POL-chT U20"]
[Site "Kudowa Zdroj"]
[Date "2018.07.26"]
[Round "6.17"]
[White "Malicka, Maria"]
[Black "Surpeta, Julia"]
[Result "1-0"]
[WhiteElo "2174"]
[BlackElo "1611"]
[PlyCount "63"]
[EventDate "2018.07.21"]
[EventType "team-tourn"]
[EventRounds "9"]
[EventCountry "POL"]
[SourceTitle "CBM 186 Extra"]
[Source "ChessBase"]
[SourceDate "2018.08.24"]
[SourceVersion "1"]
[SourceVersionDate "2018.08.24"]
[SourceQuality "1"]

1. e4 c5 2. Nf3 d6 3. d4 cxd4 4. Nxd4 Nf6 5. Nc3 a6 6. h3 e5 7. Nde2 b5 8. g4 b4 9. Nd5 Nxd5 10. Qxd5 Ra7 11. Bg2 Be6 12. Qd3 Be7 13. Ng3 Rd7 14. Nf5 Bf6 15. Ne3 g6 16. Bd2 a5 17. a3 Nc6 18. Nd5 Bg7 19. axb4 axb4 20. Ra6 Qc8 21. Nb6 Qb7 22. Nxd7 Bxd7 23. Ra4 Qb8 24. 0-0 0-0 25. Rfa1 Be6 26. Be3 Qb7 27. Qa6 Qd7 28. Qb5 Qc7 29. Ra8 Nb8 30. R1a7 Qc8 31. Rb7 Bc4 32. Rbxb8 1-0

[Event "POL-chT U20 2nd League"]
[Site "Szczyrk"]
[Date "2017.07.30"]
[Round "11.64"]
[White "Surpeta, Julia"]
[Black "Pluta, Natalia"]
[Result "0-1"]
[WhiteElo "1435"]
[BlackElo "1795"]
[PlyCount "50"]
[EventDate "2017.07.22"]
[EventType "team-swiss"]
[EventRounds "11"]
[EventCountry "POL"]
[SourceTitle "EXT 2019"]
[Source "ChessBase"]
[SourceDate "2018.10.10"]
[SourceVersion "1"]
[SourceVersionDate "2018.10.10"]
[SourceQuality "1"]

1. e4 c5 2. b4 d6 3. Bb2 Nf6 4. bxc5 Nxe4 5. cxd6 Qb6 6. Qe2 Qxb2 7. Qb5+ Qxb5 8. Bxb5+ Bd7 9. Bxd7+ Nxd7 10. dxe7 Bxe7 11. Ne2 Bf6 12. d4 0-0-0 13. 0-0 Nb6 14. c3 Rhe8 15. f3 Nd6 16. Ng3 Bh4 17. Nd2 Bxg3 18. hxg3 Re2 19. Nb3 Rde8 20. a4 Rb2 21. Nc5 Ree2 22. Rfb1 Rxg2+ 23. Kh1 Rh2+ 24. Kg1 Rbg2+ 25. Kf1 Nbc4 0-1

[Event "Liptovsky Mikulas CupT U20"]
[Site "Liptovsky Mikulas"]
[Date "2017.06.23"]
[Round "4.4"]
[White "Waszczuk, Patrycja"]
[Black "Surpeta, Julia"]
[Result "1-0"]
[WhiteElo "1774"]
[BlackElo "1302"]
[PlyCount "71"]
[EventDate "2017.06.21"]
[EventType "team-swiss"]
[EventRounds "8"]
[EventCountry "SVK"]
[SourceTitle "CBM 179 Extra"]
[Source "ChessBase"]
[SourceDate "2017.08.23"]
[SourceVersion "1"]
[SourceVersionDate "2017.08.23"]
[SourceQuality "1"]
[WhiteTeam "Krakow Wisla"]
[BlackTeam "Krakow CC"]
[WhiteTeamCountry "POL"]
[BlackTeamCountry "POL"]

1. e4 c5 2. Nf3 d6 3. d4 cxd4 4. Nxd4 Nf6 5. Nc3 g6 6. Be3 Bg7 7. f3 h5 8. Qd2 a6 9. Bc4 Nbd7 10. 0-0 Ne5 11. Bb3 h4 12. h3 Nh5 13. f4 Nd7 14. f5 g5 15. Bxg5 Ng3 16. Rf4 Qb6 17. Rd1 Nc5 18. Bxh4 Nh5 19. Rff1 Nf6 20. Bxf6 Bxf6 21. Nd5 Qa7 22. Nc7+ Kf8 23. Nxa8 Qxa8 24. Bd5 Qa7 25. Kh1 Rh4 26. Nf3 Nxe4 27. Qe1 Rh5 28. Bxe4 Bxf5 29. Bxf5 Rxf5 30. c3 Qb6 31. Qd2 Rh5 32. Nd4 Qa5 33. a3 Qd5 34. Qe3 Rh7 35. Qf3 Qb3 36. Nxb3 1-0

[Event "Liptovsky Mikulas CupT U20"]
[Site "Liptovsky Mikulas"]
[Date "2016.06.24"]
[Round "6.4"]
[White "Surpeta, Julia"]
[Black "Kordela, Monika"]
[Result "0-1"]
[WhiteElo "1492"]
[BlackElo "1724"]
[PlyCount "90"]
[EventDate "2016.06.21"]
[EventType "team-swiss"]
[EventRounds "8"]
[EventCountry "SVK"]
[SourceTitle "CBM 173 Extra"]
[Source "ChessBase"]
[SourceDate "2016.08.29"]
[SourceVersion "1"]
[SourceVersionDate "2016.08.29"]
[SourceQuality "1"]
[WhiteTeam "Krakow CC (U20)"]
[BlackTeam "Jastrzebie Zdroj (U20)"]
[WhiteTeamCountry "POL"]
[BlackTeamCountry "POL"]

1. e4 c5 2. Nc3 d6 3. g3 g6 4. Bg2 Bg7 5. Nge2 Nc6 6. d3 e6 7. 0-0 Nge7 8. Nf4 0-0 9. Be3 a6 10. a4 Rb8 11. Rb1 b5 12. h4 h5 13. Bf3 Ne5 14. Be2 b4 15. Na2 N5c6 16. Bxh5 gxh5 17. Nxh5 Ng6 18. Nxg7 Kxg7 19. h5 Nh8 20. f4 f5 21. g4 Qh4 22. Kg2 Qxg4+ 23. Qxg4+ fxg4 24. Kg3 Kh7 25. e5 dxe5 26. fxe5 Rxf1 27. Rxf1 b3 28. cxb3 Rxb3 29. Nc3 Nxe5 30. Bxc5 Nxd3 31. Bd4 e5 32. Be3 Rxb2 33. Nd5 Nf4 34. Nxf4 exf4+ 35. Bxf4 Rb3+ 36. Kh4 Nf7 37. Bg3 Nh6 38. Be5 Be6 39. Rf6 Rh3+ 40. Kg5 Nf7+ 41. Rxf7+ Bxf7 42. Kxg4 Rxh5 43. Kf4 Rh4+ 44. Kf5 Rxa4 45. Kf6 Bb3 0-1

[Event "Liptovsky Mikulas CupT U20"]
[Site "Liptovsky Mikulas"]
[Date "2016.06.21"]
[Round "1.4"]
[White "Surpeta, Julia"]
[Black "Hlavinova, Martina"]
[Result "0-1"]
[WhiteElo "1492"]
[BlackElo "1318"]
[PlyCount "116"]
[EventDate "2016.06.21"]
[EventType "team-swiss"]
[EventRounds "8"]
[EventCountry "SVK"]
[SourceTitle "CBM 173 Extra"]
[Source "ChessBase"]
[SourceDate "2016.08.29"]
[SourceVersion "1"]
[SourceVersionDate "2016.08.29"]
[SourceQuality "1"]
[WhiteTeam "Krakow CC (U20)"]
[BlackTeam "Nitra Junior (U20)"]
[WhiteTeamCountry "POL"]
[BlackTeamCountry "SVK"]

1. e4 e5 2. Nf3 Nc6 3. Bc4 Bc5 4. c3 Nf6 5. d4 exd4 6. cxd4 Bb4+ 7. Nc3 d5 8. exd5 Nxd5 9. 0-0 Nxc3 10. bxc3 Be7 11. Re1 0-0 12. Qc2 Bg4 13. Ne5 Nxe5 14. Rxe5 Bf6 15. Rd5 Qe8 16. Ba3 c6 17. Rd6 Qe7 18. h3 Bc8 19. Qd2 Bg5 20. f4 Bh4 21. Bb4 Qc7 22. f5 Be7 23. Rg6 hxg6 24. fxg6 Be6 25. gxf7+ Bxf7 26. Re1 Bxb4 27. Bxf7+ Rxf7 28. cxb4 Raf8 29. Qd3 Qf4 30. Kh1 Qf5 31. Qc4 Qd5 32. Qd3 Rf2 33. Rg1 Rxa2 34. Kh2 Rff2 35. Qg6 Qf7 36. Qd3 Qf4+ 37. Kh1 Rad2 38. Qb3+ Kh8 39. Qe6 Rf1 40. Qe8+ Kh7 41. Qh5+ Kg8 42. Qe8+ Qf8 43. Qe6+ Qf7 44. Qc8+ Kh7 45. Qg4 Rxg1+ 46. Kxg1 Qg6 47. Qh4+ Qh6 48. Qe4+ g6 49. Qe7+ Qg7 50. Qh4+ Kg8 51. Qd8+ Qf8 52. Qg5 Rd1+ 53. Kh2 Qd6+ 54. g3 Kg7 55. Qe3 Rxd4 56. h4 Rd2+ 57. Kh3 Qd7+ 58. g4 Rd3 0-1

[Event "POL-ch U16 Girls"]
[Site "Szklarska Poreba"]
[Date "2016.03.18"]
[Round "7"]
[White "Surpeta, Julia"]
[Black "Ossolinska, Matylda"]
[Result "0-1"]
[WhiteElo "1339"]
[BlackElo "1613"]
[PlyCount "46"]
[EventDate "2016.03.13"]
[EventType "swiss"]
[EventRounds "9"]
[EventCountry "POL"]
[SourceTitle "EXT 2018"]
[Source "ChessBase"]
[SourceDate "2017.10.13"]
[SourceVersion "1"]
[SourceVersionDate "2017.10.13"]
[SourceQuality "1"]

1. d4 Nf6 2. Nc3 d5 3. Bg5 c5 4. dxc5 d4 5. Bxf6 exf6 6. Ne4 Bf5 7. Ng3 Bxc5 8. Qd2 Be6 9. Nf3 Qb6 10. Ne4 Qxb2 11. Rd1 Bb4 12. c3 Qxd2+ 13. Rxd2 dxc3 14. Rc2 Bf5 15. e3 Bxe4 16. Rc1 Bxf3 17. gxf3 0-0 18. Be2 Nc6 19. 0-0 Rfd8 20. f4 Rd2 21. Bc4 Rad8 22. Bb3 Na5 23. Bc2 Ba3 0-1

[Event "POL-ch U16 Girls"]
[Site "Szklarska Poreba"]
[Date "2016.03.13"]
[Round "1"]
[White "Surpeta, Julia"]
[Black "Trusz, Julia"]
[Result "0-1"]
[WhiteElo "1339"]
[BlackElo "1653"]
[PlyCount "162"]
[EventDate "2016.03.13"]
[EventType "swiss"]
[EventRounds "9"]
[EventCountry "POL"]
[SourceTitle "EXT 2018"]
[Source "ChessBase"]
[SourceDate "2017.10.13"]
[SourceVersion "1"]
[SourceVersionDate "2017.10.13"]
[SourceQuality "1"]

1. d4 d5 2. Nc3 Nf6 3. Bg5 Nbd7 4. Qd3 c6 5. 0-0-0 e6 6. e4 dxe4 7. Nxe4 Be7 8. Bxf6 Nxf6 9. Nf3 Qd5 10. Nc3 Qa5 11. Kb1 0-0 12. Nd2 b5 13. Nb3 Qb6 14. Be2 a5 15. a4 b4 16. Ne4 Nd5 17. Nec5 e5 18. Bf3 exd4 19. Qxd4 Rd8 20. Bxd5 cxd5 21. Rhe1 Bf6 22. Qe3 Bf5 23. Rxd5 Bg6 24. Rxd8+ Qxd8 25. Nb7 Qc8 26. Re2 h6 27. Nd6 Qd7 28. Nc4 Qd1+ 29. Nc1 Rc8 30. Rd2 Qf1 31. Nd6 Rd8 32. Ne4 Bxe4 33. Rxd8+ Bxd8 34. Qxe4 Bg5 35. f4 Bxf4 36. Qf5 Qxc1+ 37. Ka2 b3+ 38. cxb3 Qc7 39. g3 Be5 40. Qe4 Bd6 41. Qd5 Bf8 42. Qd2 Qc5 43. h3 Qb4 44. Qd5 Bd6 45. g4 Qc5 46. Qe4 Qe5 47. Qc6 Bb4 48. h4 Qf4 49. Qg2 Qd2 50. Qc6 Qd3 51. g5 hxg5 52. hxg5 Qf5 53. Qg2 Be7 54. g6 fxg6 55. Qe2 Bf8 56. Qc4+ Kh7 57. Qh4+ Qh5 58. Qf4 Be7 59. Qe3 Bf6 60. Qd2 Qe5 61. b4 Qd4 62. Qh2+ Bh4 63. bxa5 Qxa4+ 64. Kb1 Qe4+ 65. Ka1 Qe1+ 66. Ka2 Qxa5+ 67. Kb1 Qe1+ 68. Ka2 Qg3 69. Qc2 Bf6 70. Qd2 Qe5 71. Qc2 Qxb2+ 72. Qxb2 Bxb2 73. Kxb2 g5 74. Kc2 Kg6 75. Kd3 Kf5 76. Ke3 Kg4 77. Kf2 Kh3 78. Kg1 g4 79. Kh1 g3 80. Kg1 g2 81. Kf2 Kh2 0-1

[Event "POL-chT U19 2nd League"]
[Site "Iwonicz"]
[Date "2015.08.01"]
[Round "1.65"]
[White "Rogacka, Natalia"]
[Black "Surpeta, Julia"]
[Result "1-0"]
[WhiteElo "1657"]
[BlackElo "1292"]
[PlyCount "99"]
[EventDate "2015.07.25"]
[EventType "team-swiss"]
[EventRounds "11"]
[EventCountry "POL"]
[SourceTitle "EXT 2019"]
[Source "ChessBase"]
[SourceDate "2018.10.10"]
[SourceVersion "1"]
[SourceVersionDate "2018.10.10"]
[SourceQuality "1"]
[WhiteTeam "Wroclaw MUKS MDK Fabryczna U19"]
[BlackTeam "Krakow KKSz 1893 U19 II"]
[WhiteTeamCountry "POL"]
[BlackTeamCountry "POL"]

1. e4 e6 2. d4 d5 3. Nc3 c6 4. Nf3 Nf6 5. Bg5 Be7 6. e5 Nfd7 7. Bxe7 Qxe7 8. Bd3 c5 9. Nb5 c4 10. Nd6+ Kf8 11. Nxc8 Qd8 12. Nd6 cxd3 13. Qxd3 Nc6 14. 0-0 f6 15. Nxb7 Qc7 16. Qa3+ Kg8 17. Nc5 Nxd4 18. Nxd7 Nxf3+ 19. Qxf3 Qxd7 20. exf6 Rf8 21. Rfd1 Rxf6 22. Qe3 Kf7 23. Rd2 Rd8 24. Rad1 Qb7 25. b3 Rf5 26. c4 Qc6 27. Qxa7+ Kg8 28. Qe3 h6 29. h3 Rg5 30. Re2 Rd6 31. cxd5 Qb7 32. Qf3 Qa8 33. Kh1 exd5 34. Rde1 Kh7 35. Qd3+ Rdg6 36. f3 Qa5 37. Rc1 d4 38. Rc6 Qd5 39. Rxg6 Rxg6 40. Re4 Qg5 41. Rg4 Qc1+ 42. Kh2 Qc7+ 43. f4 Qd6 44. Rxg6 Qxg6 45. Qxg6+ Kxg6 46. Kg3 Kf5 47. Kf3 d3 48. g4+ Kf6 49. Ke3 g5 50. f5 1-0

[Event "POL-ch U14 Girls"]
[Site "Suwalki"]
[Date "2015.04.10"]
[Round "4"]
[White "Bilczewska, Olga"]
[Black "Surpeta, Julia"]
[Result "1-0"]
[WhiteElo "1558"]
[BlackElo "1146"]
[PlyCount "85"]
[EventDate "2015.04.08"]
[EventType "swiss"]
[EventRounds "9"]
[EventCountry "POL"]
[SourceTitle "EXT 2017"]
[Source "ChessBase"]
[SourceDate "2016.10.25"]
[SourceVersion "1"]
[SourceVersionDate "2016.10.25"]
[SourceQuality "1"]

1. e4 c5 2. d4 d5 3. exd5 Qxd5 4. c3 Nc6 5. Nf3 Bf5 6. Be2 cxd4 7. cxd4 Bxb1 8. Rxb1 e6 9. 0-0 Nf6 10. Bg5 Be7 11. a3 0-0 12. Qd3 Rfd8 13. Rbd1 h6 14. Bf4 Rd7 15. Qc2 Rc8 16. Qa4 Qe4 17. Be3 Rcd8 18. Bd3 Qg4 19. h3 Qh5 20. Bb5 Rd5 21. Bxc6 Ra5 22. Qc4 Rc8 23. Ne5 Bd6 24. Bf3 Rxc4 25. Bxh5 Bxe5 26. Be2 Rc8 27. dxe5 Rxe5 28. Bf3 b6 29. Bd4 Rf5 30. Rc1 Re8 31. Rc7 e5 32. Be3 e4 33. Bg4 Nxg4 34. hxg4 Ra5 35. Rd1 Rb5 36. b4 a5 37. bxa5 bxa5 38. Rdd7 h5 39. Rxf7 Rd8 40. Rxg7+ Kf8 41. Rh7 Rd1+ 42. Kh2 hxg4 43. Rh8# 1-0

[Event "POL-ch U14 Girls"]
[Site "Suwalki"]
[Date "2015.04.08"]
[Round "1"]
[White "Surpeta, Julia"]
[Black "Skiba, Aleksandra"]
[Result "1-0"]
[WhiteElo "1146"]
[BlackElo "1496"]
[PlyCount "47"]
[EventDate "2015.04.08"]
[EventType "swiss"]
[EventRounds "9"]
[EventCountry "POL"]
[SourceTitle "EXT 2017"]
[Source "ChessBase"]
[SourceDate "2016.10.25"]
[SourceVersion "1"]
[SourceVersionDate "2016.10.25"]
[SourceQuality "1"]

1. e4 e6 2. d4 d5 3. Nd2 Nf6 4. e5 Nfd7 5. c3 c5 6. Bd3 Nc6 7. Ndf3 cxd4 8. cxd4 f6 9. exf6 Nxf6 10. Nh3 Bd6 11. 0-0 0-0 12. Re1 Bd7 13. Nhg5 Re8 14. Nxh7 Nxh7 15. Bxh7+ Kxh7 16. Ng5+ Kg8 17. Qh5 Qf6 18. Re3 Nxd4 19. Rh3 g6 20. Qh7+ Kf8 21. Qxd7 Bxh2+ 22. Rxh2 Kg8 23. Rh8+ Kxh8 24. Qh7# 1-0

[Event "POL Olympiad U14 Girls"]
[Site "Spala"]
[Date "2014.12.30"]
[Round "4.16"]
[White "Gowin, Malgorzata"]
[Black "Surpeta, Julia"]
[Result "1-0"]
[WhiteElo "1458"]
[BlackElo "1130"]
[PlyCount "101"]
[EventDate "2014.04.06"]
[EventType "swiss"]
[EventRounds "9"]
[EventCountry "POL"]
[SourceTitle "EXT 2023"]
[Source "ChessBase"]
[SourceDate "2022.10.05"]
[SourceVersion "1"]
[SourceVersionDate "2022.10.05"]
[SourceQuality "1"]

1. e4 c5 2. c3 e6 3. d4 d5 4. dxc5 Bxc5 5. exd5 exd5 6. Nf3 Nf6 7. Be2 Bf5 8. 0-0 0-0 9. Bg5 Nbd7 10. Bb5 Qb6 11. Bxd7 Nxd7 12. b4 Bd6 13. Qxd5 Be6 14. Qd4 f5 15. Qxb6 axb6 16. a3 h6 17. Be3 Bc7 18. Re1 Rf6 19. Bd4 Rg6 20. Ne5 Bxe5 21. Bxe5 Bd5 22. g3 h5 23. Nd2 b5 24. Bf4 h4 25. Re3 Bc6 26. Nf3 Nf6 27. Nxh4 Rg4 28. h3 Rxf4 29. gxf4 Nd5 30. Rf3 Nb6 31. Rd3 Be4 32. Rd4 Nd5 33. Nxf5 Nxc3 34. Ng3 Re8 35. Nxe4 Ne2+ 36. Kf1 Nxd4 37. Re1 Kh8 38. Nd6 Rxe1+ 39. Kxe1 Nc2+ 40. Kd2 Nxa3 41. Kc1 b6 42. Kb2 Nc4+ 43. Nxc4 bxc4 44. b5 Kg8 45. Kc3 Kf7 46. Kxc4 Ke6 47. Kd4 Kd6 48. f5 Ke7 49. Kd5 Kd7 50. h4 Kc7 51. Ke6 1-0

[Event "POL Olympiad U14 Girls"]
[Site "Spala"]
[Date "2014.12.30"]
[Round "8.21"]
[White "Kindler, Karolina"]
[Black "Surpeta, Julia"]
[Result "1-0"]
[WhiteElo "1438"]
[BlackElo "1130"]
[PlyCount "83"]
[EventDate "2014.04.06"]
[EventType "swiss"]
[EventRounds "9"]
[EventCountry "POL"]
[SourceTitle "EXT 2023"]
[Source "ChessBase"]
[SourceDate "2022.10.05"]
[SourceVersion "1"]
[SourceVersionDate "2022.10.05"]
[SourceQuality "1"]

1. e4 c5 2. Nf3 d6 3. d4 cxd4 4. Nxd4 Nf6 5. Nc3 g6 6. Be3 Bg7 7. Be2 0-0 8. f3 Bd7 9. Qd2 Nc6 10. g4 h6 11. Nxc6 Bxc6 12. Bxh6 e5 13. 0-0-0 d5 14. Bxg7 Kxg7 15. exd5 Bd7 16. Qg5 Qe7 17. h4 Rg8 18. h5 Kf8 19. hxg6 Rxg6 20. Qe3 Ke8 21. Rh8+ Ng8 22. Bd3 Qg5 23. f4 Qxg4 24. Bxg6 Qxg6 25. Rg1 Bg4 26. Qxe5+ Kd7 27. Qg5 Qxg5 28. fxg5 Bf5 29. Rf1 Bg6 30. Ne2 Rc8 31. c3 Kd6 32. Nf4 b5 33. Nxg6 fxg6 34. Rf7 a5 35. Rg7 Ne7 36. Rxc8 Nxc8 37. Rxg6+ Kxd5 38. Ra6 a4 39. g6 Ne7 40. g7 Ng8 41. Ra8 Nh6 42. g8Q+ 1-0

[Event "POL Olympiad U14 Girls"]
[Site "Spala"]
[Date "2014.12.30"]
[Round "6.22"]
[White "Surpeta, Julia"]
[Black "Tkaczyk, Weronika"]
[Result "0-1"]
[WhiteElo "1130"]
[BlackElo "1372"]
[PlyCount "56"]
[EventDate "2014.04.06"]
[EventType "swiss"]
[EventRounds "9"]
[EventCountry "POL"]
[SourceTitle "EXT 2023"]
[Source "ChessBase"]
[SourceDate "2022.10.05"]
[SourceVersion "1"]
[SourceVersionDate "2022.10.05"]
[SourceQuality "1"]

1. e4 e5 2. d4 exd4 3. c3 dxc3 4. Bc4 Nf6 5. Nf3 cxb2 6. Bxb2 Bb4+ 7. Nbd2 Nc6 8. 0-0 0-0 9. Qb3 d6 10. Bd5 Bxd2 11. Nxd2 Nxd5 12. exd5 Ne5 13. Rac1 Rb8 14. Ba1 Bf5 15. Qb4 Nd3 16. Qd4 f6 17. Rcd1 Ne5 18. Qxa7 Qe8 19. Bxe5 fxe5 20. f4 Bd3 21. Rf2 exf4 22. Qd4 Qe3 23. Qb2 Rf5 24. Nf1 Bxf1 25. Kxf1 f3 26. g3 Re8 27. Kg1 b6 28. Qc2 Rf7 0-1